[Event "ESP-ch U10"]
[Site "Salobrena"]
[Date "2024.07.04"]
[Round "6"]
[White "Perez Solanas, Hugo"]
[Black "Rey Barciela, Mateo"]
[Result "1-0"]
[WhiteElo "1721"]
[BlackElo "1673"]
[PlyCount "49"]
[EventDate "2024.07.01"]
[EventType "swiss"]
[EventRounds "9"]
[EventCountry "ESP"]
[SourceTitle "EXT 2025"]
[Source "ChessBase"]
[SourceDate "2024.10.14"]
[SourceVersion "1"]
[SourceVersionDate "2024.10.14"]
[SourceQuality "1"]

1. e4 e5 2. Nf3 Nc6 3. Nc3 Nf6 4. a3 a6 5. d4 exd4 6. Nxd4 Nxd4 7. Qxd4 d6 8. Bc4 c6 9. Bf4 Be7 10. 0-0-0 c5 11. Qd3 Ng4 12. Bg3 Ne5 13. Bxe5 dxe5 14. Qf3 Bg5+ 15. Kb1 Qf6 16. Qd3 0-0 17. h4 Bxh4 18. Qe2 Qxf2 19. Qh5 g5 20. Rhf1 Qxg2 21. Rxf7 Qxe4 22. Nxe4 Bf5 23. Nf6+ Kh8 24. Qxh7+ Bxh7 25. Rxh7# 1-0

[Event "Wch U08"]
[Site "Sharm El Sheikh"]
[Date "2023.10.17"]
[Round "2"]
[White "Perez Solanas, Hugo"]
[Black "Abalmaz, Pavlo"]
[Result "1/2-1/2"]
[WhiteElo "1499"]
[BlackElo "1315"]
[PlyCount "169"]
[EventDate "2023.10.16"]
[EventType "swiss"]
[EventRounds "11"]
[EventCountry "EGY"]
[SourceTitle "EXT 2025"]
[Source "ChessBase"]
[SourceDate "2024.10.14"]
[SourceVersion "1"]
[SourceVersionDate "2024.10.14"]
[SourceQuality "1"]

1. e4 e5 2. Nf3 Nc6 3. Nc3 Nf6 4. Bb5 Bc5 5. Nxe5 Nxe5 6. d4 Bd6 7. 0-0 c6 8. dxe5 Bxe5 9. Bd3 d5 10. exd5 0-0 11. dxc6 bxc6 12. Re1 Bc7 13. h3 Qd6 14. f4 Be6 15. Qf3 Rad8 16. Be3 Bd5 17. Nxd5 Nxd5 18. Rad1 Qf6 19. Qe4 Qh6 20. Bc5 Bd6 21. Bxd6 Rxd6 22. c4 Nf6 23. Qf3 Kh8 24. Bc2 Rfd8 25. Rxd6 Rxd6 26. Qe3 Re6 27. Qd2 Rxe1+ 28. Qxe1 Qxf4 29. Qc3 g6 30. Ba4 c5 31. g3 Qf5 32. Bc2 Qe6 33. Kf2 Kg7 34. g4 g5 35. Bf5 Qd6 36. Kg2 Qc6+ 37. Kg1 Qd6 38. Qe3 h6 39. Kg2 Qc6+ 40. Qf3 Qd6 41. Qd3 Qc6+ 42. Kg1 Qc7 43. a3 a5 44. Qc3 Qf4 45. Kg2 Qc7 46. Kf1 Qd6 47. Ke1 Kf8 48. a4 Ke7 49. Qxa5 Qe5+ 50. Kd1 Qd4+ 51. Qd2 Qxc4 52. Qe2+ Qxe2+ 53. Kxe2 Nd5 54. Kf3 Kd6 55. Be4 Nc7 56. Bb7 Ke5 57. Ke3 Ne8 58. a5 Nd6 59. a6 Nb5 60. b3 Na7 61. Be4 Nb5 62. Bc6 Na7 63. Be8 f5 64. gxf5 Kxf5 65. Kd3 Ke5 66. Kc4 Kd6 67. Bh5 Kc6 68. Bf3+ Kd6 69. Bb7 h5 70. Bf3 g4 71. hxg4 hxg4 72. Bxg4 Kc6 73. Bf3+ Kb6 74. Bb7 Nb5 75. Kd5 Nd4 76. Kc4 Nb5 77. Kd5 Nd4 78. b4 Nb3 79. b5 Na5 80. Bc8 Nb3 81. Kd6 Nd4 82. Bd7 c4 83. Bg4 Nxb5+ 84. Kd5 Kxa6 85. Kxc4 1/2-1/2

[Event "EU-ch U08 30th"]
[Site "Antalya"]
[Date "2022.11.12"]
[Round "7"]
[White "Ejsymont, Eryk"]
[Black "Perez Solanas, Hugo"]
[Result "1-0"]
[WhiteElo "1250"]
[BlackElo "1424"]
[PlyCount "119"]
[EventDate "2022.11.06"]
[EventType "swiss"]
[EventRounds "9"]
[EventCountry "TUR"]
[SourceTitle "CBM 211 Extra"]
[Source "ChessBase"]
[SourceDate "2023.01.31"]
[SourceVersion "1"]
[SourceVersionDate "2023.01.31"]
[SourceQuality "1"]

1. e4 c5 2. Nf3 d6 3. d4 cxd4 4. Nxd4 Nf6 5. Nc3 g6 6. Be3 Bg7 7. f3 0-0 8. Qd2 Nc6 9. 0-0-0 d5 10. Kb1 Ne5 11. f4 Neg4 12. e5 Nxe3 13. Qxe3 Ng4 14. Qf3 Nh6 15. Qxd5 Qb6 16. Qb5 Qc7 17. Nd5 Qd8 18. Qc5 Kh8 19. Be2 Ng8 20. Nc7 b6 21. Qc6 Bd7 22. Qxa8 Qxc7 23. Qd5 Ba4 24. Bb5 Bxb5 25. Nxb5 Qc8 26. Nxa7 Qa6 27. Nb5 e6 28. Qc4 Ne7 29. Nd6 Qa5 30. Nxf7+ Rxf7 31. Qxe6 Kg8 32. Rd8+ Bf8 33. Rhd1 Kg7 34. a3 Rxf4 35. Rxf8 Rxf8 36. Qxe7+ Rf7 37. Qd6 Qa8 38. e6 Rb7 39. Qd8 Qxd8 40. Rxd8 Kf6 41. Rd7 Rxd7 42. exd7 Ke7 43. c4 Kxd7 44. Kc2 Kd6 45. Kc3 Kc5 46. b4+ Kc6 47. Kd4 Kd6 48. c5+ bxc5+ 49. bxc5+ Kd7 50. Kd5 Kc7 51. c6 Kc8 52. Kd6 Kd8 53. c7+ Kc8 54. Kc6 h5 55. a4 g5 56. a5 g4 57. a6 h4 58. a7 g3 59. a8B gxh2 60. Bb7# 1-0

[Event "EU-ch U08 30th"]
[Site "Antalya"]
[Date "2022.11.10"]
[Round "5"]
[White "Kryshtafor, Maksym"]
[Black "Perez Solanas, Hugo"]
[Result "0-1"]
[WhiteElo "1338"]
[BlackElo "1424"]
[PlyCount "98"]
[EventDate "2022.11.06"]
[EventType "swiss"]
[EventRounds "9"]
[EventCountry "TUR"]
[SourceTitle "CBM 211 Extra"]
[Source "ChessBase"]
[SourceDate "2023.01.31"]
[SourceVersion "1"]
[SourceVersionDate "2023.01.31"]
[SourceQuality "1"]

1. e4 c5 2. Nf3 d6 3. c3 Nf6 4. Be2 Bd7 5. d3 Nc6 6. Be3 e6 7. h3 Be7 8. Nbd2 0-0 9. 0-0 a6 10. d4 b5 11. dxc5 dxc5 12. Bd3 Rb8 13. Bf4 Rb7 14. e5 Nd5 15. Bg3 Qb6 16. Ne4 Rd8 17. Nfg5 h6 18. Nxf7 Kxf7 19. Qh5+ Kg8 20. Qg6 Be8 21. Qxe6+ Bf7 22. Qg4 Nc7 23. Nf6+ Bxf6 24. exf6 Ne8 25. fxg7 Rxd3 26. Rfe1 Qd8 27. Bh4 Qd7 28. Qf4 Qd6 29. Qf5 Rd5 30. Qf3 Ne5 31. Qe2 Nxg7 32. Bg3 Re7 33. Rad1 Rxd1 34. Rxd1 Qf6 35. Qc2 Bg6 36. Qc1 Nd3 37. Qa1 Re2 38. Rf1 Rxb2 39. c4 bxc4 40. Qd1 c3 41. Qg4 c2 42. Qc4+ Kh7 43. Bh4 Qd4 44. Qxa6 Nb4 45. Qb7 Qxh4 46. f3 Rb1 47. Rxb1 cxb1Q+ 48. Kh2 Qf4+ 49. g3 Qd2# 0-1

[Event "Pontevedra op-B 10th"]
[Site "Pontevedra"]
[Date "2022.07.28"]
[Round "7.23"]
[White "Souto Corredoura, Hugo"]
[Black "Perez Solanas, Hugo"]
[Result "1-0"]
[WhiteElo "1307"]
[BlackElo "1166"]
[PlyCount "71"]
[EventDate "2022.07.24"]
[EventType "swiss"]
[EventRounds "9"]
[EventCountry "ESP"]
[SourceTitle "EXT 2023"]
[Source "ChessBase"]
[SourceDate "2022.10.05"]
[SourceVersion "1"]
[SourceVersionDate "2022.10.05"]
[SourceQuality "1"]

1. e4 c5 2. Nf3 d6 3. d4 cxd4 4. Nxd4 Nf6 5. f3 e5 6. Nb3 d5 7. Bg5 Be6 8. Bb5+ Nc6 9. Bxf6 gxf6 10. exd5 Bxd5 11. 0-0 Qb6+ 12. Kh1 Qxb5 13. Nc3 Qb6 14. Nxd5 Qd8 15. Nc3 f5 16. Qe2 Qh4 17. Qf2 Qxf2 18. Rxf2 a5 19. Re2 a4 20. Nd2 Bc5 21. Nc4 f6 22. Nd5 Kf7 23. Nde3 Nd4 24. Rd2 b5 25. Na3 Nxf3 26. gxf3 Bxe3 27. Rd3 f4 28. Nxb5 f5 29. Nd6+ Ke6 30. Nc4 Bc5 31. Re1 Rac8 32. Rxe5+ Kf6 33. Rdd5 Bf8 34. Rxf5+ Ke6 35. Rde5+ Kd7 36. Nb6+ 1-0